Т. 1 : А - И; Российская геологическая энциклопедия
| Parent link: | Российская геологическая энциклопедия: в 3 т./ Федеральное агентство по недропользованию (Роснедра) ; Российский государственный геологоразведочный университет им. Серго Орджоникидзе (РГГРУ) ; Российская академия естественных наук (РАЕН), Институт геолого-экономических проблем (ИГЭП) ; под ред. Е. А. Козловского ; А. А. Ледовских. Т. 1 : А - И.— , 2010-2012.— 978-5-93761-163-5 |
|---|---|
| Sumari: | «Российская геологическая энциклопедия» - первое оригинальное комплексное трехтомное обобщение геологических знаний, главнейших понятий, используемых в геологии и недропользовании. Она содержит более 6000 статей по проблемам общей геологии, истории геологии, минералогии, геохимии, петрографии магматических и метаморфических пород, литологии, стратиграфии и геохронологии, тектоники и геодинамики, региональной геологии, гидрогеологии, инженерной геологии и геокриологии, геоэкологии, четвертичной геологии и геоморфологии, планетологии, геологическому картографированию, поискам и разведке полезных ископаемых, геологии полезных ископаемых, минеральных ресурсов и правовым вопросам недропользования. В ней содержатся также краткие статьи о выдающихся ученых геологического профиля и руководителях геологической отрасли.Приведены сведения об отраслевых, академических научно-исследовательских и учебных институтах, крупнейших производственных предприятиях отрасли, геологических музеях.Для более глубокого знакомства с тем или иным вопросом, охарактеризованным в статьях, рекомендуется обращаться к источникам, указанным в пристатейной библиографии.«Российская геологическая энциклопедия» адресована широкому кругу специалистов геологического профиля, научным работникам, преподавателям вузов и техникумов, аспирантам, студентам, а также лицам, связанным с недропользованием. |
| Idioma: | rus |
| Publicat: |
2010
|
| Matèries: | |
| Format: | Llibre |
| KOHA link: | https://koha.lib.tpu.ru/cgi-bin/koha/opac-detail.pl?biblionumber=282552 |
MARC
| LEADER | 00000nam2a2200000 4500 | ||
|---|---|---|---|
| 001 | 282552 | ||
| 005 | 20231101235517.0 | ||
| 010 | |a 9785937611734 | ||
| 035 | |a (RuTPU)RU\TPU\book\306482 | ||
| 090 | |a 282552 | ||
| 100 | |a 20150202d2010 km y0rusy50 ca | ||
| 101 | 0 | |a rus | |
| 102 | |a RU | ||
| 105 | |a a f 001zy | ||
| 200 | 0 | |a Т. 1 : А - И | |
| 210 | |d 2010 | ||
| 215 | |a 664 с. |c ил. | ||
| 320 | |a Список основных сокращений: с. 661-663. | ||
| 330 | |a «Российская геологическая энциклопедия» - первое оригинальное комплексное трехтомное обобщение геологических знаний, главнейших понятий, используемых в геологии и недропользовании. Она содержит более 6000 статей по проблемам общей геологии, истории геологии, минералогии, геохимии, петрографии магматических и метаморфических пород, литологии, стратиграфии и геохронологии, тектоники и геодинамики, региональной геологии, гидрогеологии, инженерной геологии и геокриологии, геоэкологии, четвертичной геологии и геоморфологии, планетологии, геологическому картографированию, поискам и разведке полезных ископаемых, геологии полезных ископаемых, минеральных ресурсов и правовым вопросам недропользования. В ней содержатся также краткие статьи о выдающихся ученых геологического профиля и руководителях геологической отрасли.Приведены сведения об отраслевых, академических научно-исследовательских и учебных институтах, крупнейших производственных предприятиях отрасли, геологических музеях.Для более глубокого знакомства с тем или иным вопросом, охарактеризованным в статьях, рекомендуется обращаться к источникам, указанным в пристатейной библиографии.«Российская геологическая энциклопедия» адресована широкому кругу специалистов геологического профиля, научным работникам, преподавателям вузов и техникумов, аспирантам, студентам, а также лицам, связанным с недропользованием. | ||
| 461 | 1 | |0 (RuTPU)RU\TPU\book\274157 |y 978-5-93761-163-5 |t Российская геологическая энциклопедия |o в 3 т. |f Федеральное агентство по недропользованию (Роснедра) ; Российский государственный геологоразведочный университет им. Серго Орджоникидзе (РГГРУ) ; Российская академия естественных наук (РАЕН), Институт геолого-экономических проблем (ИГЭП) ; под ред. Е. А. Козловского ; А. А. Ледовских |v Т. 1 : А - И |d 2010-2012 | |
| 606 | 1 | |a Геология |2 stltpush |3 (RuTPU)RU\TPU\subj\6095 |9 34054 | |
| 610 | 1 | |a геологические энциклопедии | |
| 610 | 1 | |a термины | |
| 610 | 1 | |a понятия | |
| 610 | 1 | |a определения | |
| 675 | |a 55(031) |v 4 | ||
| 801 | 1 | |a RU |b 63413507 |c 20150202 | |
| 801 | 2 | |a RU |b 63413507 |c 20191118 |g RCR | |
| 942 | |c BK | ||
| 959 | |a 8/20150202 |d 1 |e 0 |f ЧЗТЛ:1 | ||